UBT Library

Folk instruments / (Record no. 41290)

000 -LEADER
fixed length control field 00543cam a22001931 4500
001 - CONTROL NUMBER
control field 3112694
005 - DATE AND TIME OF LATEST TRANSACTION
control field 20180130071843.0
008 - FIXED-LENGTH DATA ELEMENTS--GENERAL INFORMATION
fixed length control field 721219s1962 mnuag j 000 0 eng
010 ## - LIBRARY OF CONGRESS CONTROL NUMBER
LC control number 62018816
040 ## - CATALOGING SOURCE
Original cataloging agency DLC
Transcribing agency DLC
Modifying agency DLC
041 ## - LANGUAGE CODE
Language code of text/sound track or separate title eng
080 ## - UNIVERSAL DECIMAL CLASSIFICATION NUMBER
Universal Decimal Classification number 78 rob
082 00 - DEWEY DECIMAL CLASSIFICATION NUMBER
Classification number 78 rob
100 1# - Rafti
Rafti 45
101 ## - Shkurtesa
Shkurtesa mus
245 10 - TITLE STATEMENT
Title Folk instruments /
Statement of responsibility, etc by Lee Gilmore ; illustrated by George Overlie. Prepared under the supervision of Robert W. Surplus.
906 ## - LOCAL DATA ELEMENT F, LDF (RLIN)
a 7
b cbc
c orignew
d u
e ocip
f 19
g y-gencatlg
942 ## - ADDED ENTRY ELEMENTS (KOHA)
Source of classification or shelving scheme
Item type Books
Holdings
Withdrawn status Lost status Source of classification or shelving scheme Damaged status Not for loan Collection code Permanent location Current location Shelving location Date acquired Total Checkouts Full call number Barcode Date last seen Price effective from Koha item type
          Koleksioni i përgjithshem UBT - Lipjan UBT - Lipjan Koleksioni i përgjithshem 01/30/2018   78 rob 002-2996902 01/30/2018 01/30/2018 Books
UBT Library © 2015-2024. All rights reserved University Education for Business and Technology